01746cam a2200361 i 4500999001300000001000900013003000400022005001700026008004100043010001700084020002300101040002800124042000800152050002200160082002100182100002400203245012000227246002800347264004300375300002200418336002600440337002800466338002700494500029800521504005100819650006000870700002100930776014800951906004501099942001201144952011401156952011401270 c275d27518635793OSt20180813085335.0150528s2016 ilu b 001 0 eng  a 2015018527 a9781433551819 (tp) aDLCbengcDLCerdadDLC apcc00aBT708b.P495 201600a233.5223bP665C1 aPiper, John,d1946-10a50 crucial questions :ban overview of central concerns about manhood and womanhood /cJohn Piper and Wayne Grudem.3 aFifty crucial questions 1aWheaton, Illinois :bCrossway,c[2016] a94 pages ;c21 cm atextbtxt2rdacontent aunmediatedbn2rdamedia avolumebnc2rdacarrier a"First published as "On Overview of Central Concerns: Questions and Answers," chapter 2 in Recovering Biblical Manhood and Womanhood: A Response to Evangelical Feminism, edited by John Piper and Wayne Grudem (Crossway), copyright © 1991, 2006 by The Council on Biblical Manhood and Womanhood. aIncludes bibliographical references and index. 0aSex rolexReligious aspectsxChristianityvMiscellanea.1 aGrudem, Wayne A.08iOnline version:aPiper, John, 1946-t50 crucial questionsbSecond Edition.dWheaton, Illinois : Crossway, 2016z9781433551826w(DLC) 2016004234 a7bcbccorignewd1eecipf20gy-gencatlg 2ddccBK 00102ddc40708NFICaHMCbHMCcGENd2018-08-13l0o233.5 P665Cp003547r2018-08-13 00:00:00w2018-08-13yBK 00102ddc40708NFICaHMCbHMCcGENd2018-08-13l0o233.5 P665Cp003546r2018-08-13 00:00:00w2018-08-13yBK